Indie Games by Pictures #12 - Statistics

General Stats
  • This quiz has been taken 33 times
  • The average score is 8 of 20
Answer Stats
Picture Answer % Correct
Fall Guys: Ultimate Knockout
100%
Escape the Backrooms
71%
Dead by Daylight
64%
Hytale
61%
Clustertruck
57%
Date Everything!
54%
Stumble Guys
54%
RV There Yet?
46%
Webfishing
46%
Neon White
43%
Ultrakill
36%
Eurotruck Simulator
32%
Rhythm Doctor
29%
Alien Hominid
25%
Make Way
25%
Gris
21%
To The Moon
21%
No Time To Explain
14%
The End is Nigh
14%
Sophie's Curse
4%
No matching quizzes found
Score Distribution
Percent of People with Each Score
Percentile by Number Answered
Your Score History
You have not taken this quiz